Sports Quiz

Random Sports Quiz

2012 Tour Down Under Results Quiz Stats

 Plays Quiz not verified by Sporcle

Challenge
Share
Tweet
Embed
Score 0/48 Timer 05:00
0 Plays Today
Stage Cyclist % Correct
Classic (Prologue)Andre Greipel (Lotto-Belisol)
89.3%
Stage 1Andre Greipel (Lotto-Belisol)
89.3%
Stage 1Andre Greipel (Lotto-Belisol)
89.3%
Stage 1Andre Greipel (Lotto-Belisol)
89.3%
Stage 3Andre Greipel (Lotto-Belisol)
86.4%
Stage 3Andre Greipel (Lotto-Belisol)
86.4%
Stage 3Andre Greipel (Lotto-Belisol)
86.4%
Stage 6Andre Greipel (Lotto-Belisol)
83.3%
Stage 5Simon Gerrans (GreenEDGE)
78.9%
Stage 6Simon Gerrans (GreenEDGE)
77.8%
Stage 4Sky Procycling
76.2%
Stage 1Sky Procycling
75%
Stage 2UniSA Australia
62.5%
Stage 3UniSA Australia
59.1%
Stage 2Will Clarke (UniSA)
54.2%
Stage 2Will Clarke (UniSA)
54.2%
Stage 2Will Clarke (UniSA)
54.2%
Stage 2Will Clarke (UniSA)
54.2%
Stage 2Martin Kohler (BMC)
50%
Stage 4Rohan Dennis (UniSA)
47.6%
Stage 4Edvald Boasson Hagen (Sky)
47.6%
Stage 5Alejandro Valverde (Movistar)
47.4%
Stage 5Rohan Dennis (UniSA)
47.4%
Stage 5Rohan Dennis (UniSA)
47.4%
Stage Cyclist % Correct
Stage 1Rohan Dennis (UniSA)
46.4%
Stage 6Rohan Dennis (UniSA)
44.4%
Stage 6Rohan Dennis (UniSA)
44.4%
Stage 4Martin Kohler (BMC)
42.9%
Stage 5Edvald Boasson Hagen (Sky)
42.1%
Stage 5Stuart O'Grady (GreenEDGE)
42.1%
Stage 2Michael Matthews (Rabobank)
41.7%
Stage 6Rohan Dennis (UniSA)
41.2%
Stage 3Michael Matthews (Rabobank)
40.9%
Stage 6Edvald Boasson Hagen (Sky)
38.9%
Stage 4Oscar Freire (Katusha)
38.1%
Stage 4Michael Matthews (Rabobank)
38.1%
Stage 5Radioshack-Nissan-Trek
36.8%
Stage 6Radioshack-Nissan-Trek
33.3%
Classic (Prologue)Nathan Haas (Garmin Barracuda)
32.1%
Classic (Prologue)Nathan Haas (Garmin Barracuda)
32.1%
Classic (Prologue)Nathan Haas (Garmin Barracuda)
32.1%
Stage 3Thomas DeGent (Vacansoleil-DCM)
27.3%
Stage 3Thomas DeGent (Vacansoleil-DCM)
27.3%
Classic (Prologue)Jose Ivan Gutierrez (Movistar)
25%
Stage 1Marcello Pavarin (Vacansoleil-DCM)
25%
Stage 1Eduard Vorganov (Katusha)
25%
Stage 4Nathan Haas (Garmin Barracuda)
23.8%
Stage 6Jan Bakelants (Radioshack-Nissan)
11.1%

You're not logged in!

Compare scores with friends on all Sporcle quizzes.
OR
Log In

You Might Also Like...

Show Comments

Extras

Top Quizzes Today


Score Distribution

Your Account Isn't Verified!

In order to create a playlist on Sporcle, you need to verify the email address you used during registration. Go to your Sporcle Settings to finish the process.

Report this User

Report this user for behavior that violates our Community Guidelines.

Details: